Name the Sugar Rush Racers - Statistics

General Stats
  • This quiz has been taken 52 times
  • The average score is 11 of 15
Answer Stats
Their theme Racer Name % Correct
Birthday sweets Candlehead
94%
Cherry Confectionery Jubileena Bing-Bing
82%
Mints and Candied apples Minty Zaki
82%
Reese's Peanut Butter Cups and Hershey Kisses Rancis Fluggerbutter
79%
Strawberry Candy Taffyta Muttonfudge
79%
Random assortment of sweets Vanellope von Schweetz
79%
Rocket pops and Peppermint Adorabeezle Winterpop
73%
Snowcones and Sorbet Snowanna Rainbeau
73%
Candy Corn and Mellocreme Pumpkins Gloyd Orangeboar
70%
Cannoli, Chocolate Biscotti and Tiramisu Crumbelina DiCaramello
64%
Unicorn Pops and Lollipops Swizzle Malarkey
64%
Mints and Candied apples (turquoise recolor) Sticky Wipplesnit
58%
Mints and Candied apples (gold recolor) Torvald Batterbutter
58%
Cherry Confectionery (blue recolor) Citrusella Flugpucker
55%
Rocket pops and Peppermint (magenta recolor) Nougetsia Brumblestain
55%
No matching quizzes found
Score Distribution
Percent of People with Each Score
Percentile by Number Answered
Your Score History
You have not taken this quiz